[Event "AUTO-ADV-4905"]
[Site "http://www.queenalice.com/game.php?id=1865994"]
[Date "2025.11.22"]
[Round "1"]
[White "Castling"]
[Black "Pin"]
[Result "0-1"]
[WhiteElo "1727"]
[BlackElo "2061"]

1. e4 d5 2. e5 c5 3. Bb5+ Bd7 4. Nc3 e6 5. Bxd7+ Nxd7 6. d4 cxd4 7. Qxd4 Bc5 8.
Qf4 Ne7 9. Be3 Ng6 10. Qg5 Qxg5 11. Bxg5 Ndxe5 12. Nge2 O-O 13. O-O a6 14. Rad1
b5 15. Be3 Bxe3 16. fxe3 Rac8 17. Nd4 Rfd8 18. Rf2 Nc4 19. Rb1 Nxe3 20. a3 Ng4
21. Rff1 Nf6 22. h3 Rxc3 23. bxc3 Rc8 24. Rb3 Ne4 25. Nf3 Nxc3 26. Nd4 h6 27.
Rf3 Ne4 28. c3 Ne5 29. Re3 Kf8 30. Nf3 Nc4 31. Nd4 Nxe3 32. c4 Rxc4 33. Nxe6+
fxe6 34. Rxe3 Rc3 35. Rf3+ Rxf3 36. gxf3 Nd2 37. Kf2 a5 0-1

[Event "AUTO-ADV-4885"]
[Site "http://www.queenalice.com/game.php?id=1866135"]
[Date "2025.11.25"]
[Round "2"]
[White "Castling"]
[Black "Capixaba789"]
[Result "0-1"]
[WhiteElo "1689"]
[BlackElo "1778"]

1. e4 e5 2. Bc4 Nc6 3. a3 d6 4. h3 Nf6 5. d3 Be7 6. Nf3 O-O 7. Nc3 Be6 8. Bxe6
fxe6 9. Be3 Nd4 10. Nxd4 exd4 11. Bxd4 e5 12. Be3 c6 13. Qd2 Nh5 14. Ne2 Nf4 15.
Nxf4 exf4 16. Bxf4 Qb6 17. O-O-O Bf6 18. d4 c5 19. e5 dxe5 20. dxe5 Rad8 21.
Qxd8 Rxd8 22. Rxd8+ Bxd8 23. Re1 h6 24. e6 Be7 25. Bd2 c4 26. Bc3 Qxf2 27. g4 b5
28. Bb4 Bxb4 0-1

[Event "AUTO-ADV-4885"]
[Site "http://www.queenalice.com/game.php?id=1866136"]
[Date "2025.11.25"]
[Round "2"]
[White "Capixaba789"]
[Black "Castling"]
[Result "0-1"]
[WhiteElo "1762"]
[BlackElo "1681"]

1. d4 d5 2. Nc3 e6 3. f4 Bb4 4. Nf3 h6 5. e3 Nf6 6. Bd3 Ne4 7. Bd2 a6 8. O-O
Nxd2 9. Qxd2 Nc6 10. Ne5 Nxe5 11. fxe5 Bd7 12. a3 Ba5 13. b4 Bb6 14. Ne2 g5 15.
Ng3 h5 16. Qf2 Qe7 17. c3 h4 18. Ne2 Rf8 19. Qf6 Qxf6 20. Rxf6 Ke7 21. Raf1 c6
22. Kh1 Bd8 23. Bg6 Be8 24. Bh5 b5 25. Nc1 Ra7 26. Nd3 Kd7 27. Nc5+ Kc8 28. Nxe6
Bxf6 29. Nxf8 Bg7 30. Nh7 Kd8 31. Nxg5 f6 32. Ne6+ Ke7 33. Bxe8 Kxe6 34. exf6
Bxf6 35. Bxc6 Rf7 36. e4 dxe4 37. Bxe4 Rc7 38. Rc1 Bxd4 39. h3 Bxc3 40. Bf3 Be5
41. Re1 Kf6 42. Bg4 Bg3 43. Rf1+ Kg6 44. Bf5+ Kg5 45. Bg4 Rc3 46. Rf5+ Kg6 47.
Rc5 Rxa3 48. Bf5+ Kf6 0-1

[Event "AUTO-ADV-4885"]
[Site "http://www.queenalice.com/game.php?id=1866137"]
[Date "2025.11.25"]
[Round "2"]
[White "Castling"]
[Black "mvson33"]
[Result "0-1"]
[WhiteElo "1773"]
[BlackElo "1912"]

1. e4 c6 2. Nc3 d5 3. e5 Bf5 4. d4 e6 5. a3 h6 6. Nf3 Nd7 7. Bf4 c5 8. Bb5 cxd4
9. Nxd4 Bc5 10. Qd2 Ne7 11. O-O O-O 12. b4 Bb6 13. Nce2 Bh7 14. c4 dxc4 15. Bxc4
Ng6 16. Bd3 Nxf4 17. Bxh7+ Kxh7 18. Nxf4 Nxe5 19. Rad1 Nc6 20. Nxc6 Qxd2 21.
Rxd2 bxc6 22. Rc1 Rac8 23. Rd7 Rcd8 24. Rxd8 Rxd8 25. h3 Rd4 26. Ne2 Rd2 27. Re1
Ra2 28. Kf1 Rxa3 29. Rc1 Rb3 30. Rxc6 Rxb4 31. Rd6 Rb1+ 32. Nc1 Rxc1+ 33. Ke2 e5
34. Rd1 Rxd1 35. Kxd1 Bxf2 0-1

[Event "AUTO-ADV-4885"]
[Site "http://www.queenalice.com/game.php?id=1866138"]
[Date "2025.11.25"]
[Round "2"]
[White "mvson33"]
[Black "Castling"]
[Result "1-0"]
[WhiteElo "1935"]
[BlackElo "1753"]

1. e4 e5 2. Nf3 d6 3. Bc4 h6 4. Nc3 a6 5. O-O Nc6 6. a3 Bg4 7. h3 Bh5 8. Be2 Nd4
9. Nxd4 Bxe2 10. Ndxe2 Nf6 11. d3 Qd7 12. Be3 O-O-O 13. f4 Re8 14. fxe5 dxe5 15.
Bd2 Bc5+ 16. Kh1 Nh5 17. Nd5 Nf4 18. Ndxf4 exf4 19. Nxf4 Qd4 20. Bc3 Qd6 21. Qf3
f6 22. Nd5 Kb8 23. Nf4 Bd4 24. Bxd4 Qxd4 25. Rab1 g5 26. Ne2 Qe5 27. Ng3 Qc5 28.
Qxf6 Qxc2 29. Qc3 Qxc3 30. bxc3 Rd8 31. Rfd1 Rhf8 32. Nf5 h5 33. Ng7 g4 34. Nxh5
gxh3 35. gxh3 Rf3 36. Kg2 Rdf8 37. Ng3 Rf2+ 38. Kg1 Rc2 39. Rdc1 Rff2 40. Rxc2
Rxc2 41. Rb3 1-0

[Event "AUTO-ADV-4885"]
[Site "http://www.queenalice.com/game.php?id=1866139"]
[Date "2025.11.25"]
[Round "2"]
[White "Castling"]
[Black "EdsonEstevam"]
[Result "0-1"]
[WhiteElo "1726"]
[BlackElo "1708"]

1. e4 e5 2. Bc4 Nc6 3. a3 Nf6 4. d3 Bc5 5. h3 d6 6. Nc3 O-O 7. Nf3 h6 8. Nh4 Nd4
9. Nf5 Bxf5 10. exf5 Qd7 11. Be3 Qxf5 12. Nd5 Nxd5 13. Bxd5 c6 14. Be4 Qf6 15.
Qd2 Ne6 16. Bxc5 Nxc5 17. O-O-O d5 18. Bf3 Rad8 19. b4 Na4 20. Rhe1 e4 21. Be2
Qb2# 0-1

[Event "AUTO-ADV-4885"]
[Site "http://www.queenalice.com/game.php?id=1866140"]
[Date "2025.11.25"]
[Round "2"]
[White "EdsonEstevam"]
[Black "Castling"]
[Result "0-1"]
[WhiteElo "1744"]
[BlackElo "1673"]

1. e4 e5 2. Nf3 d6 3. Nc3 a6 4. d4 Bg4 5. Be2 h6 6. h3 Be6 7. d5 Bd7 8. Be3 Nf6
9. Bc4 b5 10. Bb3 b4 11. Nb1 Nxe4 12. Nbd2 Nxd2 13. Nxd2 Be7 14. Ne4 Bf5 15. Ng3
Qd7 16. c3 a5 17. c4 O-O 18. a3 Na6 19. Qh5 Nc5 20. Bxc5 dxc5 21. Nxf5 g6 22.
Nxh6+ Kg7 23. Ng4 gxh5 24. Ke2 hxg4 25. hxg4 Qxg4+ 26. Kf1 Rh8 27. g3 Rxh1+ 0-1

[Event "AUTO-ADV-4907"]
[Site "http://www.queenalice.com/game.php?id=1866623"]
[Date "2025.12.6"]
[Round "1"]
[White "mvson33"]
[Black "Castling"]
[Result "1-0"]
[WhiteElo "1961"]
[BlackElo "1780"]

1. c4 e5 2. d3 Bb4+ 3. Bd2 Nc6 4. Nc3 Nf6 5. Nf3 h6 6. g3 d5 7. cxd5 Bxc3 8.
Bxc3 Qxd5 9. a3 O-O 10. Bg2 Re8 11. O-O Nd4 12. Nxd4 Qd6 13. Nf3 Bg4 14. Qc2 Bf5
15. Rac1 Nd5 16. Bd2 Rac8 17. Rfd1 Be6 18. e4 Nf6 19. Bc3 Bg4 20. Re1 Qe6 21.
Nxe5 Bh5 22. Nf3 Rcd8 23. Nd4 Qd7 24. b4 b5 25. Nb3 Bg4 26. Re3 Be6 27. Bb2 Rc8
28. Nd4 Bh3 29. Nc6 Bxg2 30. Kxg2 Ng4 31. Re2 a6 32. Nd4 c6 33. Qc3 Ne5 34. f4
Ng4 35. Nxb5 Nf6 36. e5 Nd5 37. e6 fxe6 38. Qd4 cxb5 39. Rxc8 Rxc8 40. Kf3 Qc6
41. Qxg7# 1-0

[Event "AUTO-ADV-4907"]
[Site "http://www.queenalice.com/game.php?id=1866639"]
[Date "2025.12.6"]
[Round "1"]
[White "Daniel1962"]
[Black "Castling"]
[Result "1-0"]
[WhiteElo "1788"]
[BlackElo "1796"]

1. d4 g6 2. Nc3 a6 3. Bf4 Nf6 4. Nf3 Bg7 5. Qd3 d5 6. Ng5 O-O 7. Be5 Bf5 8. Qd2
Nc6 9. Bxf6 Bxf6 10. h4 Nxd4 11. e4 dxe4 12. O-O-O c6 13. Be2 Nxe2+ 14. Qxe2
Bxg5+ 15. hxg5 Qb6 16. Nxe4 Rad8 17. Rxd8 Rxd8 18. g4 Bxe4 19. Qxe4 Qxf2 20. b3
Qd2+ 21. Kb2 Qd4+ 22. Qxd4 Rxd4 23. Rg1 e5 24. c3 Rd2+ 25. Ka3 e4 26. Re1 Rd3
27. c4 e3 28. Kb2 Rd2+ 29. Kc1 Rxa2 30. Rxe3 Ra1+ 31. Kb2 Rg1 32. Re4 b5 33.
cxb5 cxb5 34. Ka3 a5 35. Re5 b4+ 36. Ka4 Ra1+ 37. Kb5 Ra3 38. Kc4 Kf8 39. Rb5
Ra1 40. Rb8+ Ke7 41. Rh8 Rg1 42. Kb5 Rxg4 43. Kxa5 Rxg5+ 44. Kxb4 Rh5 45. Kc4 f5
46. b4 Kd7 47. b5 Kc7 48. Rf8 Rh4+ 49. Kc5 Rh1 50. b6+ Kb7 51. Rf7+ Ka6 52. Ra7#
1-0

[Event "AUTO-ADV-4907"]
[Site "http://www.queenalice.com/game.php?id=1866640"]
[Date "2025.12.6"]
[Round "1"]
[White "Castling"]
[Black "Daniel1962"]
[Result "1/2-1/2"]
[WhiteElo "1762"]
[BlackElo "1782"]

1. e4 e5 2. Bc4 Nf6 3. d3 Bc5 4. h3 Nc6 5. a3 d5 6. Bb5 dxe4 7. Bxc6+ bxc6 8.
Bg5 exd3 9. Qxd3 Qxd3 10. cxd3 Bf5 11. Ke2 Nh5 12. g3 f6 13. Be3 Bxe3 14. Kxe3
Be6 15. Nf3 g5 16. Nbd2 c5 17. Nc4 Rb8 18. b4 Bxc4 19. dxc4 O-O 20. Rhd1 cxb4
21. axb4 Rxb4 22. Nd2 c5 23. Rxa7 f5 24. Ra5 f4+ 25. Ke4 fxg3 26. fxg3 Nxg3+ 27.
Kxe5 Rb7 28. Rxc5 Re7+ 29. Kd4 Rf4+ 30. Kd5 Rd7+ 31. Kc6 Rff7 32. Rd5 Ra7 33.
Rxg5+ Rg7 34. Rxg7+ Rxg7 35. Rg1 Nf5 36. Rxg7+ Kxg7 37. Nf3 h5 38. c5 Ne7+ 39.
Kd6 Nf5+ 40. Kd7 Ne3 41. c6 Nd5 42. c7 Nxc7 43. Kxc7 Kg6 44. h4 Kf5 45. Nd4+ Kg4
46. Ne6 Kxh4 47. Ng7 1/2-1/2

[Event "AUTO-ADV-4907"]
[Site "http://www.queenalice.com/game.php?id=1866651"]
[Date "2025.12.6"]
[Round "1"]
[White "Castling"]
[Black "askasl159"]
[Result "1-0"]
[WhiteElo "1759"]
[BlackElo "1717"]

1. e4 e5 2. Bc4 Nf6 3. d3 Bc5 4. h3 O-O 5. Bg5 h6 6. Bh4 g5 7. Bg3 Nc6 8. a3 d5
9. exd5 Nxd5 10. Qh5 Kg7 11. Nf3 Nf6 12. Bxe5 Qe7 13. d4 Nxe5 14. Nxe5 Nxh5 15.
O-O Bxd4 16. Ng4 Bxg4 17. hxg4 Nf4 18. c3 Bc5 19. Nd2 c6 20. b4 Ne2+ 21. Bxe2
Bd6 22. Rae1 Qf6 23. Ne4 1-0

[Event "AUTO-ADV-4907"]
[Site "http://www.queenalice.com/game.php?id=1866652"]
[Date "2025.12.6"]
[Round "1"]
[White "askasl159"]
[Black "Castling"]
[Result "0-1"]
[WhiteElo "1781"]
[BlackElo "1719"]

1. e4 e5 2. f4 d6 3. Nf3 Bg4 4. Be2 h6 5. b3 Nc6 6. O-O Bxf3 7. Bxf3 Nd4 8. Bb2
Nxf3+ 9. Rxf3 Nf6 10. fxe5 Nxe4 11. exd6 Bxd6 12. Qe2 Bc5+ 13. Kh1 Qe7 14. Nc3
Nxc3 15. Qxe7+ Bxe7 16. Bxc3 O-O 17. Raf1 f6 18. d4 Rad8 19. Re3 Ba3 20. Rfe1
Rd5 21. Re8 Rxe8 22. Rxe8+ Kh7 0-1

[Event "AUTO-OPEN-4629"]
[Site "http://www.queenalice.com/game.php?id=1866788"]
[Date "2025.12.9"]
[Round "1"]
[White "LAIRE"]
[Black "Castling"]
[Result "0-1"]
[WhiteElo "2236"]
[BlackElo "1724"]

1. d4 d5 2. c4 Nf6 3. cxd5 Qxd5 4. Nc3 Qd8 5. g3 Nc6 6. e3 e6 7. Bg2 Bd7 8. Nf3
Bb4 9. O-O Bd6 10. e4 Bb4 11. Qe2 Qe7 12. a3 Bxc3 13. bxc3 O-O-O 14. a4 Nb8 15.
Ba3 Qe8 16. a5 a6 0-1

[Event "AUTO-OPEN-4629"]
[Site "http://www.queenalice.com/game.php?id=1866789"]
[Date "2025.12.9"]
[Round "1"]
[White "Castling"]
[Black "LAIRE"]
[Result "1-0"]
[WhiteElo "1754"]
[BlackElo "2213"]

1. e4 e6 2. d4 d5 3. e5 c5 4. Nf3 Nc6 5. Bb5 Bd7 6. a3 Nxe5 7. Bxd7+ Nxd7 8. O-O
Ngf6 9. h3 Bd6 10. Bg5 cxd4 11. Qxd4 h6 12. Bh4 O-O 13. Nc3 a6 14. Ne5 Bxe5 15.
Bxf6 Bxf6 16. Qd3 Rc8 17. a4 Bxc3 18. bxc3 1-0

[Event "AUTO-OPEN-4629"]
[Site "http://www.queenalice.com/game.php?id=1866818"]
[Date "2025.12.9"]
[Round "1"]
[White "Castling"]
[Black "chessman"]
[Result "0-1"]
[WhiteElo "1745"]
[BlackElo "1980"]

1. e4 e6 2. Bc4 d5 3. exd5 exd5 4. Qe2+ Be7 5. Bb5+ c6 6. Ba4 Nf6 7. h3 O-O 8.
Nf3 Bd6 9. O-O Re8 10. Qd1 Nbd7 11. d3 Nb6 12. Bb3 Be6 13. Nd4 Bd7 14. Bg5 c5
15. Nf3 Bc7 16. a3 Be6 17. Nbd2 Bd6 18. Rc1 Be7 19. Bxf6 Bxf6 20. c3 c4 21. Ba4
Nxa4 22. Qxa4 cxd3 23. Nd4 Qb6 24. b4 Bxd4 25. cxd4 Qxd4 26. Rfe1 a6 27. Nf3 Qf4
28. Rcd1 b5 29. Qb3 Bxh3 30. Rxe8+ Rxe8 31. Rxd3 Be6 32. Rd4 Qd6 33. Ne5 Qxe5
34. Qc3 Rc8 35. Qd2 h6 36. f4 Qc7 37. g3 Qc1+ 38. Qxc1 Rxc1+ 39. Kf2 Rc3 40. a4
Rc4 41. Rxc4 dxc4 42. axb5 axb5 0-1

[Event "AUTO-OPEN-4629"]
[Site "http://www.queenalice.com/game.php?id=1866819"]
[Date "2025.12.9"]
[Round "1"]
[White "chessman"]
[Black "Castling"]
[Result "1-0"]
[WhiteElo "1938"]
[BlackElo "1779"]

1. e4 e5 2. Nf3 d6 3. d4 Bg4 4. dxe5 Bxf3 5. gxf3 Nc6 6. exd6 Qxd6 7. Qxd6 Bxd6
8. Nc3 a6 9. Be3 Nf6 10. O-O-O O-O-O 11. Be2 Be5 12. Nd5 Nxd5 13. exd5 Nb4 14.
a3 Nxd5 15. Rhg1 h6 16. Bd4 Bxd4 17. Rxd4 g5 18. Bc4 c6 19. Bxd5 Rxd5 20. Rxd5
cxd5 21. Rd1 Rd8 22. Kd2 f5 23. Re1 f4 24. Re7 Rd6 25. Kd3 Kb8 26. Kd4 Ka7 27.
Re5 Rc6 28. c3 Kb6 29. Rxd5 Kc7 30. Rc5 Kd6 31. Rxc6+ bxc6 32. b4 h5 33. c4 g4
34. Ke4 Ke6 35. Kxf4 gxf3 36. Kxf3 Kf5 37. h4 Ke5 38. Ke3 Kf5 39. f4 Ke6 40. Ke4
Kf6 41. f5 1-0

[Event "AUTO-ADV-4910"]
[Site "http://www.queenalice.com/game.php?id=1867376"]
[Date "2025.12.27"]
[Round "1"]
[White "Capixaba789"]
[Black "Castling"]
[Result "0-1"]
[WhiteElo "1878"]
[BlackElo "1776"]

1. d4 d5 2. Nc3 e6 3. f4 a6 4. Nf3 Nc6 5. e3 h6 6. Bd3 Bb4 7. Bd2 Nf6 8. O-O Ne4
9. Nxe4 dxe4 10. Bxe4 Bxd2 11. Qxd2 Bd7 12. c3 Qe7 13. Ne5 Nxe5 14. fxe5 O-O-O
15. b4 Bb5 16. Rf2 f5 17. Bf3 g5 18. a4 Bc4 19. Qb2 Bd5 20. b5 a5 21. b6 c6 22.
Qd2 g4 23. Bxd5 Rxd5 24. c4 Rd7 25. Qxa5 Rc7 26. Qa8+ Kd7 27. Qxh8 Rc8 28. Qxh6
Qf8 29. c5 Qxh6 30. a5 Qxe3 31. a6 Qxd4 32. axb7 Qxa1+ 33. Rf1 Qd4+ 34. Kh1 Rb8
0-1

[Event "AUTO-ADV-4911"]
[Site "http://www.queenalice.com/game.php?id=1867624"]
[Date "2026.1.7"]
[Round "1"]
[White "dosoldini"]
[Black "Castling"]
[Result "0-1"]
[WhiteElo "1625"]
[BlackElo "1771"]

1. e4 e5 2. g3 Nc6 3. c3 Nf6 4. d4 Nxe4 5. Qe2 d5 6. c4 Be6 7. Nf3 Bb4+ 8. Bd2
Bxd2+ 9. Nbxd2 Qd7 10. Nxe4 Nxd4 11. Qd3 Nxf3+ 12. Qxf3 dxe4 13. Qxe4 O-O-O 14.
Bg2 Qd2+ 15. Kf1 c6 16. Bf3 f6 17. Qe2 Bh3+ 18. Kg1 Qxe2 19. Bxe2 Rd2 20. Bf1
Bxf1 21. Kxf1 Rxb2 22. Kg2 Rd8 23. a4 Rdd2 0-1